| Поле | Инд. | ПП | Название | Значение |
|---|---|---|---|---|
| Тип записи | a | |||
| Библиографический уровень | m | |||
| 001 | Контрольный номер | e66e969a-788c-4c59-b37e-2f93bfdd3dca | ||
| 005 | Дата корректировки | 20140226233748.7 | ||
| 008 | Кодируемые данные | 020122 | ||
| 020 | a | ISBN | 5-250-02751-2 | |
| c | Цена, тираж | 67.00 | ||
| 040 | a | Служба первич. каталог. | НБ ТвГУ | |
| 041 | a | Код языка текста | rus | |
| 080 | a | Индекс УДК | 1(470)(091)(081.2) | |
| 084 | a | Индекс другой классификации/Индекс ББК | Ю3(2)6-63 | |
| 090 | a | Полочн. индекс | Ю3(2)6 | |
| x | Авторский знак | Р64 | ||
| 100 | 1_ | a | Автор | Розанов Василий Васильевич |
| 245 | 00 | a | Заглавие | Собрание сочинений |
| c | Ответственность | В. В. Розанов; [Под общ. ред. А. Н. Николюкина] | ||
| p | Название части/ раздела | Последние листья | ||
| 260 | 0_ | a | Место издания | Москва |
| b | Издательство | Республика | ||
| c | Дата издания | 2000 | ||
| 300 | a | Объем | 380,[2] с. | |
| b | Иллюстрации/ тип воспроизводства | портр. | ||
| 500 | a | Примечание | Загл. обл.: Последние листья. | |
| a | Примечание | Содерж.: Последние листья. 1916 год; Последние листья. 1917 год; Война 1914 года и русское возрождение. | ||
| 504 | a | Библиография | Библиогр. в коммент.: с.343-362. | |
| 504 | a | Библиография | Указ. имен: с.363-381. | |
| 583 | a | Действие | Получение впервые 3 11.01.2002 | |
| k | Исполнитель действия | Мегапроект "Пушкинская библиотека" | ||
| 650 | a | Основная рубрика | Русская философия | |
| x | Основная подрубрика | История | ||
| y | Хронологическая подрубрика | 20 в. | ||
| 650 | a | Основная рубрика | Первая мировая война | |
| y | Хронологическая подрубрика | 1914 г. | ||
| z | Географическая подрубрика | Россия | ||
| 653 | a | Ключевые слова | Первая мировая война | |
| a | Ключевые слова | Русская философия | ||
| a | Ключевые слова | Философия | ||
| 700 | 1_ | a | Другие авторы | Николюкин Александр Николаевич |
| e | Роль лиц | сост., ред. | ||
| 700 | 1_ | a | Другие авторы | Персонова В. М. |
| e | Роль лиц | авт. указ. имен | ||
| 852 | t | Порядковый номер экземпляра | 1 | |
| p | Инвентарный номер | 741721 | ||
| 888 | a | За счет средств университета (частично) | ||
| 952 | p | 3.2002 67.00 1 741721 | ||
| c | Вид литературы | К рн | ||
| 954 | a | Дата поступления на обработку | 20020206 | |
| 999 | a | Подразделение 2 | фил3 |